[Event "25th Hoogeveen op"]
[Site "Hoogeveen NED"]
[Date "2022.10.20"]
[Round "7.35"]
[White "Spaans, Leo"]
[Black "Wolters, Vincent"]
[Result "1/2-1/2"]
[WhiteElo "1791"]
[BlackElo "1882"]
[EventDate "2022.10.15"]
[PlyCount "178"]

1.e4 e5 2.Bc4 Nc6 3.Nf3 Nf6 4.d3 Be7 5.c3 d6 6.O-O O-O 7.Re1 a6 8.Bb3 b5 
9.a4 Bg4 10.Nbd2 Rb8 11.Nf1 b4 12.Bc2 d5 13.exd5 Nxd5 14.d4 exd4 15.Qd3 
Nf6 16.Nxd4 Nxd4 17.cxd4 Rb6 18.Bf4 Bh5 19.Bb3 Bd6 20.Bg5 h6 21.Bh4 Kh8 
22.Qf5 g5 23.Bg3 Bxg3 24.Nxg3 Bg6 25.Qh3 h5 26.Rad1 g4 27.Qh4 Nd5 28.Qxd8 
Rxd8 29.Re5 Nf6 30.Re7 Rd7 31.Rxd7 Nxd7 32.Rc1 Rd6 33.Ne2 c6 34.Rd1 h4 35.
Nf4 Bh7 36.Ne2 Kg7 37.f3 gxf3 38.gxf3 Nf6 39.Nf4 Nd5 40.Nxd5 cxd5 41.Re1 
Bd3 42.Rc1 h3 43.Kf2 Kf6 44.Ke3 Bf5 45.Rc5 Be6 46.Kf4 Rd8 47.Rc6 a5 48.Ra6
Rg8 49.Bxd5 Rg2 50.Be4 Rxh2 51.d5 Rf2 52.dxe6 fxe6 53.Rxa5 h2 54.Rh5 Rxb2 
55.a5 Ra2 56.a6 b3 57.a7 Rxa7 58.Rxh2 Ra2 59.Rh6+ Ke7 60.Rh7+ Kd6 61.Rb7 
b2 62.Rb3 Ke7 63.Rb7+ Kf6 64.Rb5 Ra1 65.Rxb2 Ra4 66.Rb5 Rc4 67.Rh5 Kg7 68.
Rh7+ Kf6 69.Rh6+ Ke7 70.Kg5 Rc5+ 71.Kg6 Kd6 72.Kf6 Rc8 73.Rh7 Rf8+ 74.Rf7 
Rc8 75.Bg6 Rc3 76.f4 Rf3 77.Kg5 Rg3+ 78.Kf6 Rf3 79.f5 exf5 80.Bxf5 Rf2 81.
Rf8 Rf1 82.Rd8+ Kc7 83.Rd2 Re1 84.Be6 Rh1 85.Ke7 Rc1 86.Rd8 Rc6 87.Bf5 Rc5
88.Rd7+ Kb6 89.Be6 Rc7 1/2-1/2

[Event "25th Hoogeveen op"]
[Site "Hoogeveen NED"]
[Date "2022.10.20"]
[Round "7.36"]
[White "Cuyvers, Jens"]
[Black "Van de Poel, Taco"]
[Result "1-0"]
[WhiteElo "1765"]
[BlackElo "1881"]
[EventDate "2022.10.15"]
[PlyCount "69"]

1.e4 c5 2.Nf3 d6 3.d4 cxd4 4.Nxd4 Nf6 5.Nc3 Nc6 6.Bg5 e6 7.Qd3 h6 8.Bh4 a6
9.Nxc6 bxc6 10.O-O-O e5 11.Be2 g5 12.Bg3 Be6 13.Qe3 Qa5 14.Kb1 Be7 15.f3 
O-O 16.h4 Nh5 17.Be1 Qc7 18.hxg5 Bxg5 19.Qf2 Nf6 20.Qg3 Kg7 21.Bd2 Nh7 22.
f4 exf4 23.Bxf4 Qa5 24.Bxd6 Rfe8 25.e5 Bf5 26.Rdf1 Bg6 27.Bc4 Ra7 28.Qf3 
Qb6 29.Na4 Qb7 30.Nc5 Qb6 31.e6 f6 32.e7 Kh8 33.Ne6 Raa8 34.Nxg5 fxg5 35.
Be5+ 1-0

[Event "25th Hoogeveen op"]
[Site "Hoogeveen NED"]
[Date "2022.10.20"]
[Round "7.37"]
[White "Koes, Richard"]
[Black "Van Foreest, Nanne"]
[Result "1-0"]
[WhiteElo "1755"]
[BlackElo "1856"]
[EventDate "2022.10.15"]
[PlyCount "71"]

1.e4 c5 2.Nf3 e6 3.b4 cxb4 4.d4 d5 5.Nbd2 Nc6 6.Bd3 Nf6 7.e5 Nd7 8.O-O Be7
9.a3 O-O 10.axb4 Nxb4 11.Be2 f6 12.Bb2 Nb6 13.c3 Nc6 14.c4 fxe5 15.dxe5 
Bd7 16.Qb1 Qe8 17.Ba3 Bxa3 18.Rxa3 Qe7 19.Qa1 Rf4 20.Rc1 dxc4 21.Nxc4 Nxc4
22.Bxc4 Rb8 23.Rd3 b5 24.Bb3 a5 25.Rcd1 Rb7 26.Qc1 Rb4 27.Qd2 h6 28.Ba2 
Bc8 29.Rd6 Na7 30.Nd4 Qg5 31.Qd3 Qh4 32.Nxe6 Bxe6 33.Bxe6+ Kf8 34.Qf5+ Ke8
35.Qg6+ Ke7 36.Qf7# 1-0

[Event "25th Hoogeveen op"]
[Site "Hoogeveen NED"]
[Date "2022.10.20"]
[Round "7.38"]
[White "Tabak, Wesley"]
[Black "Van Houwelingen, Leo"]
[Result "0-1"]
[WhiteElo "1506"]
[BlackElo "2003"]
[EventDate "2022.10.15"]
[PlyCount "52"]

1.e4 d6 2.d4 Nf6 3.Nc3 g6 4.f3 c6 5.Be3 Nbd7 6.Bd3 b5 7.a3 Bg7 8.Nge2 a6 
9.Qd2 e5 10.dxe5 dxe5 11.b4 a5 12.O-O O-O 13.Na2 axb4 14.axb4 Nb6 15.Rfc1 
Be6 16.c3 Bxa2 17.Rxa2 Rxa2 18.Qxa2 Qxd3 19.Bxb6 Bh6 20.Qc2 Qc4 21.Rd1 Re8
22.Rd8 Be3+ 23.Bxe3 Rxd8 24.Kf2 Ra8 25.Bh6 Ra2 26.Qd1 Ne8 0-1

[Event "25th Hoogeveen op"]
[Site "Hoogeveen NED"]
[Date "2022.10.20"]
[Round "7.39"]
[White "Huo, Da"]
[Black "Abma, Klaas"]
[Result "1-0"]
[WhiteElo "1909"]
[BlackElo "1835"]
[EventDate "2022.10.15"]
[PlyCount "93"]

1.e4 e5 2.Nf3 Nf6 3.Nxe5 d6 4.Nxf7 Kxf7 5.d4 c5 6.Bc4+ Be6 7.Bxe6+ Kxe6 8.
O-O cxd4 9.c3 Qd7 10.cxd4 Kf7 11.Qb3+ Ke8 12.e5 dxe5 13.dxe5 Ne4 14.Re1 
Nc5 15.e6 Nxb3 16.exd7+ Kxd7 17.axb3 Nc6 18.Be3 Bb4 19.Nc3 Rhd8 20.h3 b6 
21.Ra4 Kc7 22.Rc1 Kb7 23.Ne4 a5 24.Raa1 Rac8 25.Ng5 Rd3 26.Ne6 g6 27.Rc2 
Rxb3 28.Rac1 Rd3 29.Kf1 Ne7 30.Rxc8 Nxc8 31.Ke2 Rd7 32.Kf3 Ne7 33.Nf8 Rc7 
34.Rxc7+ Kxc7 35.Nxh7 Nd5 36.Bd4 Be7 37.Ke4 Kc6 38.f4 b5 39.g4 a4 40.f5 
gxf5+ 41.gxf5 Nb6 42.f6 Bd6 43.Bxb6 Kxb6 44.f7 Kc5 45.Kd3 b4 46.Kc2 a3 47.
b3 1-0

[Event "25th Hoogeveen op"]
[Site "Hoogeveen NED"]
[Date "2022.10.20"]
[Round "7.40"]
[White "Kazarjan, Gachatur"]
[Black "Pouw, Marcel"]
[Result "0-1"]
[WhiteElo "1746"]
[BlackElo "1862"]
[EventDate "2022.10.15"]
[PlyCount "24"]

1.e4 e5 2.Nf3 Nc6 3.d4 exd4 4.Bc4 Nf6 5.O-O Nxe4 6.Re1 d5 7.Bxd5 Qxd5 8.
Nc3 Qh5 9.Nxe4 Be6 10.Bg5 Bd6 11.Nxd4 Qxh2+ 12.Kf1 Bc4+ 0-1

[Event "25th Hoogeveen op"]
[Site "Hoogeveen NED"]
[Date "2022.10.20"]
[Round "7.41"]
[White "Kompaan, Rick"]
[Black "Avis, Fred"]
[Result "0-1"]
[WhiteElo "1785"]
[BlackElo "1759"]
[EventDate "2022.10.15"]
[PlyCount "108"]

1.d4 d5 2.c4 e6 3.g3 Nf6 4.Bg2 dxc4 5.Nf3 c5 6.O-O Nc6 7.dxc5 Bxc5 8.Qc2 
O-O 9.Qxc4 Bb6 10.Nc3 h6 11.Rd1 Qe7 12.h3 e5 13.Be3 Be6 14.Qb5 Bxe3 15.
fxe3 a6 16.Qb6 Rad8 17.Ne1 e4 18.Kh2 Bc8 19.Qb3 h5 20.Qa4 b5 21.Qc2 Nb4 
22.Qb3 Nc6 23.Qc2 Nb4 24.Qb3 h4 25.g4 a5 26.Rxd8 Rxd8 27.Rd1 Be6 28.Rxd8+ 
Qxd8 29.Qd1 Qxd1 30.Nxd1 Bxa2 31.Nc3 Bc4 32.Kg1 Nbd5 33.Nxd5 Bxd5 34.Kf2 
Bb3 35.g5 Nh7 36.Bxe4 Nxg5 37.Bg2 Be6 38.Nf3 Nxh3+ 39.Ke1 f6 40.Nxh4 b4 
41.Nf3 a4 42.Nd4 a3 43.Bxh3 Bxh3 44.bxa3 bxa3 45.Nc2 a2 46.Kf2 Bf5 47.Na1 
Be4 48.Kg3 Kf7 49.Kf4 f5 50.Kg5 g6 51.Kf4 Kf6 52.Nb3 g5+ 53.Kg3 Ke5 54.Kf2
Kd5 0-1

[Event "25th Hoogeveen op"]
[Site "Hoogeveen NED"]
[Date "2022.10.20"]
[Round "7.42"]
[White "Mader, Fabian"]
[Black "Uneken, Bert"]
[Result "1-0"]
[WhiteElo "1735"]
[BlackElo "1803"]
[EventDate "2022.10.15"]
[PlyCount "47"]

1.e4 c6 2.Nc3 d5 3.Nf3 dxe4 4.Nxe4 Nf6 5.Nxf6+ gxf6 6.d4 Bg4 7.Be2 Nd7 8.
h3 Bh5 9.Be3 e5 10.dxe5 fxe5 11.Qd2 Qc7 12.O-O-O O-O-O 13.Qc3 f6 14.Rd2 
Be7 15.Rhd1 Nb6 16.Bxb6 Qxb6 17.a3 Qxf2 18.Qxc6+ Kb8 19.Rxd8+ Rxd8 20.
Rxd8+ Bxd8 21.Qd6+ Kc8 22.Bc4 Bf7 23.Bxf7 Qf1+ 24.Qd1 1-0

[Event "25th Hoogeveen op"]
[Site "Hoogeveen NED"]
[Date "2022.10.20"]
[Round "7.43"]
[White "Van der Vegt, Seth"]
[Black "Van de Mheen, Steven"]
[Result "0-1"]
[WhiteElo "1900"]
[BlackElo "1473"]
[EventDate "2022.10.15"]
[PlyCount "86"]

1.d4 d5 2.c4 c6 3.Nf3 Nf6 4.Nc3 e6 5.Bg5 Be7 6.e3 h6 7.Bh4 Nbd7 8.Qc2 Qa5 
9.Bd3 Bb4 10.O-O Bd6 11.Bg3 Bxg3 12.hxg3 Qc7 13.Rac1 b6 14.cxd5 cxd5 15.
Qa4 Qd8 16.Ne5 O-O 17.Nc6 Qe8 18.Nb5 Nc5 19.Rxc5 bxc5 20.Nc7 Qd7 21.Nxa8 
Bb7 22.Bb5 Rxa8 23.Nxa7 Qc7 24.Rc1 c4 25.Rc3 Ne4 26.Ra3 c3 27.Qc2 Qb6 28.
bxc3 Rxa7 29.Rb3 Qa5 30.a4 Nd6 31.Rb4 g6 32.Bd3 Kg7 33.f3 Bc6 34.Bb5 Bxb5 
35.axb5 Nxb5 36.Qb2 Qa1+ 37.Kh2 Qxb2 38.Rxb2 Nxc3 39.Rb3 Rc7 40.g4 g5 41.
Kh3 Nd1 42.Kg3 Rc3 43.Rb1 Nxe3 0-1

[Event "25th Hoogeveen op"]
[Site "Hoogeveen NED"]
[Date "2022.10.20"]
[Round "7.44"]
[White "Tawfiq, Abdul Karim"]
[Black "Selten, Ton"]
[Result "0-1"]
[WhiteElo "1777"]
[BlackElo "1809"]
[EventDate "2022.10.15"]
[PlyCount "86"]

1.e4 c5 2.Nf3 d6 3.Bb5+ Nc6 4.c3 Nf6 5.Qe2 a6 6.Ba4 b5 7.Bc2 e5 8.O-O Be7 
9.d3 h6 10.a3 Be6 11.Nbd2 O-O 12.b4 Qc7 13.Re1 cxb4 14.cxb4 Nxb4 15.axb4 
Qxc2 16.Ba3 Qc7 17.Rec1 Qd7 18.d4 Bg4 19.d5 Rfc8 20.Qe3 Rxc1+ 21.Rxc1 Rc8 
22.Rc3 Rc7 23.h3 Bxf3 24.Qxf3 Qc8 25.Bb2 Nd7 26.Qd3 Nb6 27.Qc2 Bd8 28.Rc6 
Kf8 29.Kh2 Ke7 30.f4 f6 31.fxe5 fxe5 32.g4 Kd7 33.Rxc7+ Qxc7 34.Qxc7+ Kxc7
35.Kg3 Nc4 36.Nxc4 bxc4 37.Bc3 Kb6 38.Kf3 Kb5 39.Ke2 Ka4 40.Be1 Kb3 41.h4 
c3 42.h5 c2 43.Bd2 Bg5 0-1

[Event "25th Hoogeveen op"]
[Site "Hoogeveen NED"]
[Date "2022.10.20"]
[Round "7.45"]
[White "Bellamy, Linda"]
[Black "Van Heeren, Arie"]
[Result "1-0"]
[WhiteElo "1401"]
[BlackElo "1755"]
[EventDate "2022.10.15"]
[PlyCount "71"]

1.e4 e5 2.Nf3 Nc6 3.Bc4 Be7 4.d4 exd4 5.Nxd4 Nf6 6.O-O O-O 7.Re1 Ne5 8.Bb3
a6 9.Nc3 d6 10.Nd5 c5 11.Nxf6+ Bxf6 12.Nf3 Bg4 13.Bd5 Rb8 14.Bf4 b5 15.
Bxe5 Bxe5 16.Rb1 Qf6 17.Re3 b4 18.Qd3 Bxb2 19.h3 Bd7 20.Nd2 Bd4 21.Rf3 Qg6
22.Rg3 Qf6 23.Rf3 Qh6 24.Nc4 Bb5 25.Qb3 Qh5 26.Nxd6 Be8 27.Re1 Bc3 28.Rxc3
bxc3 29.Qxb8 Bb5 30.Qb7 Qh6 31.Nxf7 Qd2 32.Ne5+ Kh8 33.Rf1 Bxf1 34.Nf7+ 
Kg8 35.Qe7 Rb8 36.Nd8+ 1-0

[Event "25th Hoogeveen op"]
[Site "Hoogeveen NED"]
[Date "2022.10.20"]
[Round "7.46"]
[White "Winkel, Ruud"]
[Black "Dokter, Lars"]
[Result "1-0"]
[WhiteElo "1663"]
[BlackElo "1150"]
[EventDate "2022.10.15"]
[PlyCount "39"]

1.f4 f5 2.e4 d6 3.Bd3 Nf6 4.exf5 Nc6 5.Nf3 e6 6.O-O e5 7.Nc3 Qe7 8.Qe1 Bd7
9.Bb5 O-O-O 10.Bxc6 Bxc6 11.d3 Re8 12.fxe5 dxe5 13.Ng5 e4 14.dxe4 Bxe4 15.
Ncxe4 Nxe4 16.Ne6 Nc5 17.Bg5 Qd6 18.Rd1 Rxe6 19.fxe6 Qxe6 20.Rd8# 1-0

[Event "25th Hoogeveen op"]
[Site "Hoogeveen NED"]
[Date "2022.10.20"]
[Round "7.47"]
[White "Van den Dool, Gerrit"]
[Black "Land, Marc"]
[Result "1/2-1/2"]
[WhiteElo "1570"]
[BlackElo "1826"]
[EventDate "2022.10.15"]
[PlyCount "177"]

1.d4 d5 2.Bf4 Nf6 3.e3 c5 4.c3 Nc6 5.h3 Qb6 6.Qb3 c4 7.Qxb6 axb6 8.Nd2 b5 
9.Ngf3 e6 10.Ne5 Nxe5 11.Bxe5 Nd7 12.Bg3 b4 13.Be2 bxc3 14.bxc3 Ba3 15.Rb1
O-O 16.O-O Be7 17.Ra1 Nb6 18.Bd1 Na4 19.Bxa4 Rxa4 20.e4 Bd7 21.exd5 exd5 
22.Rfe1 Ba3 23.Rab1 b5 24.Re5 Bc6 25.Re2 Rfa8 26.Nf3 f6 27.Nh4 Kf7 28.Nf5 
Bd7 29.Nd6+ Bxd6 30.Bxd6 Re8 31.Rxe8 Bxe8 32.Re1 Ra7 33.f4 Bc6 34.a3 h5 
35.f5 h4 36.Kf2 Rd7 37.Bc5 Rd8 38.Re7+ Kg8 39.Kf3 Bd7 40.Kf4 Bc8 41.Bb6 
Rf8 42.Bc5 Kh7 43.Re3 Rg8 44.Kg4 g6 45.Kxh4 gxf5 46.Re7+ Kh6 47.Bd6 Rxg2 
48.Bf4+ Kg6 49.Re8 Rc2 50.Rxc8 Rxc3 51.Bd6 Rd3 52.Bc5 c3 53.Rg8+ Kf7 54.
Rg1 c2 55.Rc1 Rd2 56.Kg3 Kg6 57.Kf3 Kg5 58.Ke3 Rh2 59.Kd3 f4 60.Rxc2 Rxh3+
61.Kd2 f3 62.Rc1 Rh2+ 63.Ke3 Rh3 64.Rg1+ Kf5 65.Bd6 Ke6 66.Bg3 Rh7 67.Kxf3
Ra7 68.Re1+ Kd7 69.Re3 Ra4 70.Rd3 b4 71.axb4 Rxb4 72.Ke3 Ke6 73.Kf4 Rb7 
74.Rc3 Rb4 75.Bf2 Rb2 76.Bh4 Rb4 77.Ke3 Rb6 78.Kf4 Rb4 79.Bf2 Rb2 80.Rf3 
Rb7 81.Kg4 Rg7+ 82.Kh5 Rg2 83.Bh4 f5 84.Bg5 Rg4 85.Rf4 Rg2 86.Kg6 Rd2 87.
Rh4 Rd3 88.Rf4 Rd1 89.Rh4 1/2-1/2

[Event "25th Hoogeveen op"]
[Site "Hoogeveen NED"]
[Date "2022.10.21"]
[Round "8.1"]
[White "Fernandez, Daniel Howard"]
[Black "Moroni, Luca jr"]
[Result "1/2-1/2"]
[WhiteElo "2476"]
[BlackElo "2573"]
[EventDate "2022.10.15"]
[PlyCount "142"]

1.e4 e5 2.Nf3 d6 3.d4 exd4 4.Qxd4 Nf6 5.e5 dxe5 6.Qxd8+ Kxd8 7.Nxe5 Be6 8.
Nc3 Bb4 9.Bd2 Nbd7 10.a3 Bd6 11.Nxd7 Bxd7 12.O-O-O Re8 13.f3 h6 14.Bc4 Re7
15.h4 Be6 16.Bxe6 Rxe6 17.Nb5 Kd7 18.h5 Re5 19.c4 a6 20.Bf4 Re6 21.Bxd6 
cxd6 22.Nc3 Rc8 23.Rd4 Re5 24.g4 Rec5 25.Rhd1 R8c6 26.b3 b5 27.a4 bxc4 28.
b4 Re5 29.b5 axb5 30.axb5 Rb6 31.Rxc4 Re3 32.Rf1 d5 33.Kd2 Rxf3 34.Nxd5 
Rxf1 35.Nxb6+ Kd6 36.Kc2 Rg1 37.Rc6+ Ke5 38.Nc4+ Kd4 39.b6 Nd5 40.Na5 Rg2+
41.Kb3 Rg3+ 42.Kb2 Rg2+ 43.Ka3 Nxb6 44.Rxb6 Rg3+ 45.Kb2 Kc5 46.Rb7 Rxg4 
47.Rxf7 Rg5 48.Kc2 Rxh5 49.Rxg7 Rh2+ 50.Kd3 Rh3+ 51.Ke4 Rh4+ 52.Kf3 Kb6 
53.Nb7 Rd4 54.Ke3 Rd1 55.Rh7 h5 56.Ke4 h4 57.Kf3 Rd4 58.Kg2 Rd3 59.Kh2 Rd1
60.Rf7 Rd3 61.Kg2 Rg3+ 62.Kh1 Rh3+ 63.Kg2 Rg3+ 64.Kh2 Rd3 65.Re7 Rd1 66.
Kh3 Rd4 67.Rf7 Rd1 68.Kxh4 Rh1+ 69.Kg5 Rd1 70.Kg6 Rg1+ 71.Kh7 Rc1 1/2-1/2

[Event "25th Hoogeveen op"]
[Site "Hoogeveen NED"]
[Date "2022.10.21"]
[Round "8.2"]
[White "Ernst, Sipke"]
[Black "Maatman, Nick"]
[Result "1/2-1/2"]
[WhiteElo "2532"]
[BlackElo "2341"]
[EventDate "2022.10.15"]
[PlyCount "119"]

1.e4 c6 2.Nf3 d5 3.d3 Bg4 4.h3 Bxf3 5.Qxf3 e6 6.g3 Nd7 7.Bg2 Ngf6 8.Qe2 
dxe4 9.dxe4 e5 10.Nd2 a5 11.a4 Bc5 12.O-O Qe7 13.Nc4 Qe6 14.Bd2 Bb4 15.c3 
Bc5 16.Kh2 h5 17.Bg5 Nh7 18.Bd2 h4 19.g4 Nhf8 20.Ne3 Bxe3 21.Bxe3 Ng6 22.
Rfd1 O-O 23.Bf1 Rfd8 24.Qd3 Nf4 25.Qd6 Qb3 26.Qe7 Ng6 27.Qa3 Qxa3 28.bxa3 
Nf6 29.f3 Nf4 30.Bf2 g5 31.Bb6 Rd7 32.Bc4 Kf8 33.Rab1 Ke8 34.Be3 Rad8 35.
Rxd7 Rxd7 36.Rb2 Kd8 37.Bb6+ Kc8 38.Bxa5 Nd3 39.Re2 Nc5 40.Bb4 Nxa4 41.Bb3
b5 42.Kg2 c5 43.Bxa4 bxa4 44.Bxc5 Rd3 45.Be7 Nh7 46.Rb2 Rxc3 47.Rb6 Kd7 
48.Bb4 Rc6 49.Rb7+ Ke6 50.Ra7 Kf6 51.Rxa4 Rc2+ 52.Kg1 Rc1+ 53.Kg2 Rc2+ 54.
Kg1 Rc1+ 55.Kf2 Rc2+ 56.Ke3 Rh2 57.Bc3 Nf8 58.Ra6+ Ne6 59.Ra5 Nd4 60.Bxd4 
1/2-1/2

[Event "25th Hoogeveen op"]
[Site "Hoogeveen NED"]
[Date "2022.10.21"]
[Round "8.3"]
[White "Vogel, Jaap"]
[Black "Beerdsen, Thomas"]
[Result "0-1"]
[WhiteElo "2124"]
[BlackElo "2521"]
[EventDate "2022.10.15"]
[PlyCount "42"]

1.d4 d5 2.Nf3 Nf6 3.g3 c5 4.c3 Nc6 5.Bg2 cxd4 6.cxd4 Bf5 7.a3 e6 8.O-O h6 
9.Nc3 Bd6 10.b4 O-O 11.Bb2 Qe7 12.e3 Rfc8 13.Qe2 a5 14.b5 Nb8 15.Nd2 Nbd7 
16.Rfc1 Nb6 17.e4 dxe4 18.Ndxe4 Nxe4 19.Bxe4 Bxe4 20.Nxe4 Rxc1+ 21.Rxc1 
Bxa3 0-1

[Event "25th Hoogeveen op"]
[Site "Hoogeveen NED"]
[Date "2022.10.21"]
[Round "8.4"]
[White "Ismail, Tamer"]
[Black "Holinka, Henning"]
[Result "1-0"]
[WhiteElo "2018"]
[BlackElo "2245"]
[EventDate "2022.10.15"]
[PlyCount "135"]

1.d4 d5 2.c4 e6 3.Nf3 a6 4.Bg5 Be7 5.Bxe7 Qxe7 6.Nbd2 Nf6 7.g3 b6 8.Bg2 
Bb7 9.O-O Nbd7 10.Rc1 Rc8 11.cxd5 exd5 12.Re1 O-O 13.Bh3 c5 14.Nf1 Rfd8 
15.Ne3 g6 16.Qb3 c4 17.Qc2 b5 18.Ne5 Rc7 19.N3g4 Nxg4 20.Nxg4 f5 21.Ne3 
Nf6 22.Bg2 Qd6 23.Bf3 b4 24.Qa4 Qb6 25.a3 a5 26.axb4 axb4 27.Nc2 b3 28.Qb4
Rd6 29.Qxb6 Rxb6 30.Ne3 Kf7 31.Nd1 Ra6 32.Nc3 Bc6 33.Ra1 Rca7 34.Rxa6 Rxa6
35.e3 Ke6 36.h3 Ne8 37.Kf1 Nd6 38.Ke2 Ra8 39.Kd2 Ne8 40.Bg2 Nf6 41.f3 Kd6 
42.g4 Nd7 43.e4 fxe4 44.fxe4 dxe4 45.d5 Bxd5 46.Nxd5 Ra2 47.Ne3 Kc5 48.Nd1
Nb6 49.Bxe4 Na4 50.Bb1 Ra1 51.Kc1 Kb4 52.Re8 Nc5 53.Rb8+ Ka5 54.Ra8+ Na6 
55.Nc3 Kb6 56.Kd2 Ra5 57.Re8 Nc7 58.Re7 h5 59.Bxg6 hxg4 60.hxg4 Ra2 61.
Nxa2 bxa2 62.Re1 Nd5 63.Ra1 Nb4 64.Bf7 Kc5 65.Kc3 Kb5 66.Bxc4+ Ka4 67.Bxa2
Nc6 68.Bc4# 1-0

[Event "25th Hoogeveen op"]
[Site "Hoogeveen NED"]
[Date "2022.10.21"]
[Round "8.5"]
[White "Clemens, Adrian"]
[Black "De Winter, Arthur"]
[Result "0-1"]
[WhiteElo "2082"]
[BlackElo "2390"]
[EventDate "2022.10.15"]
[PlyCount "72"]

1.d4 Nf6 2.c4 g6 3.Nc3 Bg7 4.e4 d6 5.Nf3 O-O 6.Be2 e5 7.O-O Nc6 8.d5 Ne7 
9.b4 a5 10.bxa5 Rxa5 11.a4 Ne8 12.Ba3 b6 13.Bb4 Ra8 14.Nb5 Bb7 15.Bd3 Qd7 
16.Bc2 Ba6 17.Re1 h6 18.Ra3 Rd8 19.Rd3 f5 20.exf5 gxf5 21.Nh4 Nf6 22.Rh3 
Bc8 23.f4 Nh7 24.fxe5 dxe5 25.Kh1 Ng5 26.Rb3 c6 27.dxc6 Qxc6 28.Qe2 Rd7 
29.Bc3 e4 30.Bxg7 Kxg7 31.Qe3 f4 32.Qc3+ Qf6 33.h3 e3 34.Bd1 Ne4 35.Qxf6+ 
Rxf6 36.Nf3 Rxd1 0-1

[Event "25th Hoogeveen op"]
[Site "Hoogeveen NED"]
[Date "2022.10.21"]
[Round "8.6"]
[White "Van Foreest, Machteld"]
[Black "Kulkarni, Bhakti"]
[Result "1-0"]
[WhiteElo "2118"]
[BlackElo "2376"]
[EventDate "2022.10.15"]
[PlyCount "61"]

1.e4 e5 2.Nf3 Nf6 3.Bc4 Bc5 4.c3 Nc6 5.d3 a6 6.Bb3 d6 7.O-O Ba7 8.h3 O-O 
9.Re1 Kh8 10.Nbd2 Ng8 11.Nf1 f5 12.d4 fxe4 13.Rxe4 d5 14.Bg5 Nf6 15.Rxe5 
Nxe5 16.dxe5 Bxf2+ 17.Kh1 h6 18.exf6 hxg5 19.Nxg5 g6 20.Qd2 Qxf6 21.Nf3 
Bc5 22.Qh6+ Kg8 23.Ng5 Rd8 24.Qh7+ Kf8 25.Ng3 Rd7 26.Qh6+ Ke8 27.Nh5 Qf5 
28.Re1+ Re7 29.Ng7+ Kd8 30.Qh8+ Kd7 31.Rxe7+ 1-0

[Event "25th Hoogeveen op"]
[Site "Hoogeveen NED"]
[Date "2022.10.21"]
[Round "8.7"]
[White "Ashwath, R."]
[Black "Goeke, Bernd"]
[Result "1-0"]
[WhiteElo "2340"]
[BlackElo "1957"]
[EventDate "2022.10.15"]
[PlyCount "87"]

1.d4 d5 2.c4 e6 3.Nc3 Nf6 4.cxd5 exd5 5.Bg5 Be7 6.e3 c6 7.Bd3 Nbd7 8.Qc2 
Nh5 9.Bxe7 Qxe7 10.Nge2 g6 11.O-O Ndf6 12.Rae1 O-O 13.Nc1 Qd6 14.f3 Be6 
15.Qf2 Rad8 16.g4 Ng7 17.h3 Nfe8 18.N1e2 f5 19.Nf4 fxg4 20.hxg4 Bc8 21.Qh2
Ne6 22.Nxe6 Qxh2+ 23.Kxh2 Bxe6 24.Kg3 Nd6 25.Ne2 Bf7 26.Rh1 Rde8 27.Nf4 
Kg7 28.b3 Rh8 29.Bc2 g5 30.Nh3 h6 31.f4 Bg6 32.f5 Bf7 33.Ng1 h5 34.Nf3 h4+
35.Kf2 Kf6 36.Reg1 Re7 37.Nxh4 Ne4+ 38.Bxe4 Rxe4 39.Nf3 Rxh1 40.Rxh1 Rxg4 
41.Rh6+ Kg7 42.Rd6 Be8 43.f6+ Kf8 44.Rd8 1-0

[Event "25th Hoogeveen op"]
[Site "Hoogeveen NED"]
[Date "2022.10.21"]
[Round "8.8"]
[White "Slagboom, Leandro"]
[Black "De Boer, Eelke"]
[Result "1-0"]
[WhiteElo "2117"]
[BlackElo "2295"]
[EventDate "2022.10.15"]
[PlyCount "145"]

1.e4 e5 2.Nf3 Nc6 3.d4 exd4 4.Nxd4 Qf6 5.Nf3 Bc5 6.Nc3 Nge7 7.Nb5 Bb6 8.
Be3 Ba5+ 9.c3 a6 10.Nbd4 Bb6 11.Bd3 h6 12.O-O d6 13.Nxc6 bxc6 14.Qd2 O-O 
15.Rae1 Ng6 16.Nd4 c5 17.Ne2 Ne5 18.Ng3 Be6 19.Kh1 Nf3 20.Nh5 Qh4 21.gxf3 
Qxh5 22.Be2 f5 23.Rg1 Kh7 24.c4 Qf7 25.exf5 Bxf5 26.Rg3 Qf6 27.Reg1 Rf7 
28.Qd5 Re8 29.Bd3 Re5 30.Bxf5+ Rxf5 31.Qe4 c6 32.Rg6 Qxg6 33.Rxg6 Kxg6 34.
Qxc6 Bc7 35.Qxa6 Kh7 36.f4 d5 37.cxd5 Rxd5 38.Qc6 Rdf5 39.Kg2 Bxf4 40.Bxf4
Rxf4 41.Qxc5 R7f5 42.Qe3 h5 43.b3 Rg4+ 44.Kf1 Rfg5 45.a4 Rg6 46.a5 Rg1+ 
47.Ke2 Ra1 48.Qe5 Ra2+ 49.Ke3 Kh6 50.b4 Rf6 51.h4 Rfxf2 52.Qg5+ Kh7 53.
Qxh5+ Kg8 54.Qe8+ Kh7 55.Qh5+ Kg8 56.a6 Rfb2 57.Qe8+ Kh7 58.Qh5+ Kg8 59.
Qe8+ Kh7 60.Qe4+ Kh6 61.Qc4 Ra3+ 62.Kf4 Rxb4 63.Qxb4 Rxa6 64.Qe4 Rf6+ 65.
Ke5 Rf8 66.Kd6 Rf6+ 67.Ke7 Rg6 68.Kf7 Rf6+ 69.Kg8 Rg6 70.Kf7 Rf6+ 71.Kg8 
Rg6 72.Qf5 Rg2 73.Qh7# 1-0

[Event "25th Hoogeveen op"]
[Site "Hoogeveen NED"]
[Date "2022.10.21"]
[Round "8.9"]
[White "Cornelisse, John"]
[Black "Weihrauch, Jakob"]
[Result "0-1"]
[WhiteElo "2160"]
[BlackElo "2075"]
[EventDate "2022.10.15"]
[PlyCount "78"]

1.e4 c5 2.Nf3 d6 3.Bb5+ Nd7 4.a4 Nf6 5.Nc3 g6 6.a5 Bg7 7.O-O a6 8.Bxd7+ 
Nxd7 9.d3 O-O 10.Re1 b5 11.axb6 Nxb6 12.e5 dxe5 13.Nxe5 Bb7 14.Qg4 Qd4 15.
Qg3 h5 16.Nf3 Qd7 17.Bg5 Rfe8 18.Ne4 Rac8 19.Be3 Bxe4 20.dxe4 Bxb2 21.Rxa6
Nc4 22.Rxg6+ fxg6 23.Qxg6+ Bg7 24.Bh6 e5 25.Ng5 Rc6 26.Qh7+ Kf8 27.Qh8+ 
Ke7 28.Qxg7+ Kd8 29.Nf7+ Kc7 30.Ra1 Ra6 31.Rb1 Rb6 32.Ra1 Re7 33.Qf8 Rb8 
34.Nxe5 Nxe5 35.Qf4 Ra8 36.Rb1 Re6 37.Bg5 Qd4 38.Qf5 Ra1 39.Qh7+ Nd7 0-1

[Event "25th Hoogeveen op"]
[Site "Hoogeveen NED"]
[Date "2022.10.21"]
[Round "8.10"]
[White "Kumar, Sanjit S"]
[Black "Mellema, Andries"]
[Result "0-1"]
[WhiteElo "1923"]
[BlackElo "2155"]
[EventDate "2022.10.15"]
[PlyCount "87"]

1.d4 Nf6 2.c4 c5 3.d5 b5 4.Nf3 g6 5.cxb5 a6 6.b6 d6 7.Nc3 Nbd7 8.e4 Bg7 9.
a4 Qxb6 10.Be2 O-O 11.O-O Ne8 12.Nd2 Qd8 13.Nc4 Nb6 14.Ne3 Nc7 15.a5 Nd7 
16.Nc4 Nb5 17.Na4 Nd4 18.Nab6 Rb8 19.Be3 Bb7 20.Nxd7 Qxd7 21.Nb6 Qd8 22.
Bc4 Kh8 23.Rb1 e6 24.Qd3 exd5 25.Bxd5 Nc6 26.Bxc6 Bxc6 27.Rfd1 Qh4 28.Qxa6
Bxe4 29.Qc4 Qe7 30.Ra1 Bxb2 31.Ra2 Be5 32.Re2 Rfe8 33.f3 Bc6 34.Rde1 Qe6 
35.Qxe6 fxe6 36.Bxc5 Bc3 37.Bxd6 Bxe1 38.Bxb8 Bxa5 39.Be5+ Kg8 40.Nc4 Bb4 
41.Bd4 Rd8 42.Ne5 Bb5 43.Re4 Rxd4 44.Kf2 0-1

[Event "25th Hoogeveen op"]
[Site "Hoogeveen NED"]
[Date "2022.10.21"]
[Round "8.11"]
[White "Hummel, Paul"]
[Black "Markus, John Raymond"]
[Result "1/2-1/2"]
[WhiteElo "2120"]
[BlackElo "2059"]
[EventDate "2022.10.15"]
[PlyCount "116"]

1.d4 d6 2.Nf3 g6 3.c4 Bg7 4.Nc3 e5 5.dxe5 dxe5 6.Qxd8+ Kxd8 7.Bg5+ f6 8.
O-O-O+ Bd7 9.Bh4 Nc6 10.Nd5 g5 11.Bg3 Nge7 12.e3 Nxd5 13.cxd5 Ne7 14.e4 h5
15.h4 g4 16.Nd2 Bh6 17.Kb1 Nc8 18.f3 Rg8 19.Bf2 Nd6 20.Nc4 b6 21.Ne3 g3 
22.Bg1 f5 23.exf5 Nxf5 24.Nxf5 Bxf5+ 25.Bd3 Bxd3+ 26.Rxd3 Kd7 27.Be3 Bf4 
28.Rc1 Rgf8 29.Rc6 Rae8 30.Rdc3 Bxe3 31.Rxe3 Rf4 32.Ra3 a5 33.Rac3 Rxh4 
34.Rxc7+ Kd6 35.R7c6+ Kxd5 36.Rxb6 Rh1+ 37.Rc1 Rxc1+ 38.Kxc1 e4 39.fxe4+ 
Kxe4 40.Kd2 Rf8 41.Re6+ Kd4 42.Rd6+ Ke4 43.Re6+ Kd5 44.Ra6 Rf2+ 45.Kc3 
Rxg2 46.Rxa5+ Ke4 47.Rxh5 Kf4 48.Rh8 Rh2 49.Rf8+ Ke4 50.a4 Rh3 51.Kc4 Rh4 
52.Kc5 Rf4 53.Re8+ Kf3 54.Re1 Rxa4 55.b4 Kf2 56.Rb1 Ra2 57.b5 g2 58.b6 
g1=Q 1/2-1/2

[Event "25th Hoogeveen op"]
[Site "Hoogeveen NED"]
[Date "2022.10.21"]
[Round "8.12"]
[White "Boeren, Jurriaan"]
[Black "Elgersma, Onno"]
[Result "0-1"]
[WhiteElo "1987"]
[BlackElo "2309"]
[EventDate "2022.10.15"]
[PlyCount "156"]

1.e4 c5 2.Ne2 Nc6 3.d4 cxd4 4.Nxd4 Nf6 5.Nc3 e6 6.Ndb5 d6 7.Bf4 e5 8.Bg5 
a6 9.Na3 b5 10.Nd5 Be7 11.Bxf6 Bxf6 12.c3 Bg5 13.Nc2 Rb8 14.a4 bxa4 15.
Ncb4 Nxb4 16.cxb4 O-O 17.Rxa4 a5 18.b5 Bd7 19.Nc3 d5 20.exd5 e4 21.Be2 f5 
22.O-O Bf4 23.d6 Be6 24.Nd5 Bxd6 25.Bc4 Kh8 26.Qd4 Bb4 27.Rd1 Bxd5 28.Qxd5
Qf6 29.Raa1 Qxb2 30.Rab1 Qf6 31.Qc6 Rbc8 32.Qxf6 Rxf6 33.g3 Rb6 34.Rd7 g6 
35.Be2 Bf8 36.Ra1 Bb4 37.Rad1 Re6 38.Ra7 e3 39.fxe3 Rxe3 40.Kf1 f4 41.gxf4
Rf8 42.Bc4 Re4 43.Bb3 Rexf4+ 44.Kg2 Rf2+ 45.Kh1 Rb2 46.Bc4 Bd2 47.b6 Be3 
48.Re7 Bxb6 49.Re2 Rxe2 50.Bxe2 Rf2 51.Bg4 Bc7 52.h3 Ra2 53.Rd7 Be5 54.Ra7
a4 55.Be6 Ra1+ 56.Kg2 a3 57.Bd5 Rd1 58.Bc4 Bd6 59.Rd7 Rd4 60.Bb3 g5 61.Be6
h5 62.Kf3 Bc5 63.Rxd4 Bxd4 64.Ke4 Bc3 65.Kf5 Bd2 66.Ba2 Kg7 67.Bb3 Kf8 68.
Ke4 Ke7 69.Kd3 Bf4 70.Ke4 Kf6 71.Ba2 Bd6 72.Bb3 g4 73.hxg4 hxg4 74.Ba2 g3 
75.Kf3 Be5 76.Bd5 Ke7 77.Ba2 Kd6 78.Bb3 Kc5 0-1

[Event "25th Hoogeveen op"]
[Site "Hoogeveen NED"]
[Date "2022.10.21"]
[Round "8.13"]
[White "Mol, Christiaan"]
[Black "Mueer, Sebastian"]
[Result "0-1"]
[WhiteElo "1961"]
[BlackElo "2177"]
[EventDate "2022.10.15"]
[PlyCount "52"]

1.d4 Nf6 2.c4 e6 3.Nc3 d5 4.Nf3 c6 5.Bg5 dxc4 6.e4 b5 7.e5 h6 8.Bh4 g5 9.
Nxg5 hxg5 10.Bxg5 Be7 11.exf6 Bxf6 12.Bxf6 Qxf6 13.g3 Bb7 14.Bg2 Na6 15.
Nxb5 cxb5 16.Bxb7 Nb4 17.O-O Rd8 18.Qd2 Nd3 19.Bc6+ Kf8 20.Be4 Rxd4 21.
Bxd3 Kg7 22.Qc3 cxd3 23.Rad1 b4 24.Qc6 Rd5 25.Qa6 Qf3 26.h4 Rxh4 0-1